[Event "Hoogeveen Unive op 19th"]
[Site "Hoogeveen"]
[Date "2015.10.21"]
[Round "6"]
[White "Klapwijk, Bram"]
[Black "Maris, Ivo"]
[Result "0-1"]
[WhiteElo "2151"]
[BlackElo "2319"]
[PlyCount "142"]
[EventDate "2015.10.17"]
[EventType "swiss"]
[EventRounds "9"]
[EventCountry "NED"]
[SourceTitle "EXT 2017"]
[Source "ChessBase"]
[SourceDate "2016.10.25"]
[SourceVersion "1"]
[SourceVersionDate "2016.10.25"]
[SourceQuality "1"]

1. e4 c5 2. Nf3 e6 3. d4 cxd4 4. Nxd4 Nc6 5. Nc3 Qc7 6. Be3 a6 7. Bd3 Nf6 8. 0-0 Ne5 9. f4 Neg4 10. Bd2 Bc5 11. Nce2 e5 12. fxe5 d5 13. Bf4 Nxe5 14. exd5 Nxd5 15. c3 0-0 16. Kh1 Nxf4 17. Nxf4 Ng4 18. Qf3 Bxd4 19. cxd4 Qd6 20. h3 Nf6 21. Rad1 Rb8 22. Qf2 b5 23. Qh4 Bb7 24. Rd2 g6 25. Qh6 Be4 26. Re1 Rbe8 27. Rf1 Qxd4 28. Ne2 Qe5 29. Nc3 Bxd3 30. Rxd3 b4 31. Nd1 Nh5 32. Rff3 Rd8 33. Qd2 Rxd3 34. Qxd3 Qe6 35. Qd4 a5 36. Ne3 Re8 37. Ng4 Qe1+ 38. Kh2 Qc1 39. Qd7 Rf8 40. Qd4 Qg5 41. Rf1 f6 42. Kg1 Kg7 43. Re1 Rf7 44. Re8 Qc1+ 45. Kh2 Qc7+ 46. Kg1 Rd7 47. Qf2 f5 48. Nh2 Nf6 49. Re2 Ne4 50. Qe3 Qc4 51. g4 Qd4 52. Qxd4+ Rxd4 53. Nf3 Rd1+ 54. Kg2 Ra1 55. a3 bxa3 56. bxa3 Rxa3 57. gxf5 gxf5 58. Rb2 a4 59. Rb7+ Kf6 60. Rb6+ Kf7 61. Nd4 Rg3+ 62. Kh2 Rd3 63. Nxf5 Rd2+ 64. Kg1 a3 65. Rb7+ Kf6 66. Ne3 a2 67. Ra7 Rb2 68. Nd1 Rb1 69. Rxa2 Rxd1+ 70. Kg2 Rd2+ 71. Rxd2 Nxd2 0-1

[Event "Groningen Atlantis op"]
[Site "Groningen"]
[Date "2015.08.30"]
[Round "6"]
[White "Klapwijk, Bram"]
[Black "Pel, Bonno"]
[Result "1-0"]
[WhiteElo "2151"]
[BlackElo "2264"]
[PlyCount "161"]
[EventDate "2015.08.27"]
[EventType "swiss"]
[EventRounds "7"]
[EventCountry "NED"]
[SourceTitle "EXT 2016"]
[Source "ChessBase"]
[SourceDate "2015.10.08"]
[SourceVersion "1"]
[SourceVersionDate "2015.10.08"]
[SourceQuality "1"]

1. e4 d6 2. d4 g6 3. Nc3 Bg7 4. g3 Nc6 5. Be3 e5 6. dxe5 Nxe5 7. f4 Bg4 8. Be2 Bxe2 9. Ngxe2 Nc6 10. Qd3 Nf6 11. 0-0-0 0-0 12. Nd4 Re8 13. Nxc6 bxc6 14. Rhe1 Qb8 15. Bd4 c5 16. Bxf6 Bxf6 17. e5 dxe5 18. Nd5 Bg7 19. fxe5 Rxe5 20. Ne7+ Rxe7 21. Rxe7 Qxb2+ 22. Kd2 Bf6 23. Qd5 Rf8 24. Rd7 Qc3+ 25. Ke2 Qxc2+ 26. Rd2 Qa4 27. Kf1 Bd4 28. Kg2 c6 29. Qf3 a5 30. Re2 Qc4 31. Rc7 a4 32. a3 Qd5 33. Rxc6 Qxf3+ 34. Kxf3 Rb8 35. Ra2 Ra8 36. Ke4 Kf8 37. Rc7 Ra6 38. Kd5 h5 39. Kc4 Ra5 40. Re2 Ra6 41. Kb5 Rf6 42. Kxa4 h4 43. gxh4 Rf4 44. Kb5 Rxh4 45. Ree7 Rf4 46. a4 Bg1 47. h3 Rb4+ 48. Kc6 Rxa4 49. Rxf7+ Kg8 50. Rg7+ Kh8 51. Rgd7 Ra8 52. Kb7 Re8 53. Rh7+ Kg8 54. Rhg7+ Kh8 55. Rxg6 Bd4 56. Rgc6 Kg8 57. h4 Rf8 58. Rg6+ Kh8 59. Re6 Kg8 60. Kc6 Rd8 61. Rd7 Rxd7 62. Kxd7 Kf7 63. Rc6 Bf6 64. h5 Bd4 65. Kc7 Be3 66. Kb7 Kg7 67. Ka6 Bd4 68. Kb5 Bf2 69. Kc4 Bd4 70. Kd3 Bf2 71. Ke4 Bd4 72. h6+ Kh7 73. Kf4 Bc3 74. Kg5 Bd2+ 75. Kh5 Bf4 76. Rb6 c4 77. Rb7+ Kh8 78. Kg6 c3 79. Ra7 Bb8 80. Ra8 c2 81. Rxb8# 1-0

[Event "Groningen op-A 51st"]
[Site "Groningen"]
[Date "2013.12.23"]
[Round "3"]
[White "Klapwijk, Bram"]
[Black "Ernst, Sipke"]
[Result "0-1"]
[WhiteElo "2039"]
[BlackElo "2566"]
[PlyCount "92"]
[EventDate "2013.12.21"]
[EventType "swiss"]
[EventRounds "9"]
[EventCountry "NED"]
[SourceTitle "CBM 158 Extra"]
[Source "ChessBase"]
[SourceDate "2014.02.28"]
[SourceVersion "1"]
[SourceVersionDate "2014.02.28"]
[SourceQuality "1"]

1. e4 c5 2. Nf3 a6 3. c4 e6 4. Nc3 d6 5. d4 cxd4 6. Nxd4 Nf6 7. Be2 b6 8. Be3 Bb7 9. f3 Nbd7 10. Qd2 Be7 11. 0-0 0-0 12. Rac1 Rc8 13. b3 Re8 14. Bd3 Qc7 15. Bb1 Qb8 16. Qf2 Bd8 17. Nce2 h5 18. Kh1 Ba8 19. Qg3 Nf8 20. Bf4 Bc7 21. Qh3 b5 22. cxb5 axb5 23. Bd3 b4 24. Nb5 e5 25. Bg5 N8h7 26. Bd2 Ba5 27. Be3 d5 28. Ba7 Rxc1 29. Rxc1 Qd8 30. exd5 Qxd5 31. Bc4 Qd2 32. Bc5 Rd8 33. Rf1 Bc6 34. Qh4 Bd5 35. Bxd5 Rxd5 36. Qc4 Rxc5 37. Qxc5 Qxe2 38. Rc1 e4 39. Nd4 Qd2 40. fxe4 Nxe4 41. Nf3 Qh6 42. Qc8+ Nf8 43. Re1 Nf2+ 44. Kg1 Bb6 45. Rf1 Qd6 46. Qc2 Ng4+ 0-1

[Event "Groningen Atlantis op-A"]
[Site "Groningen"]
[Date "2013.08.24"]
[Round "5"]
[White "Balje, Jan"]
[Black "Klapwijk, Bram"]
[Result "0-1"]
[WhiteElo "2189"]
[BlackElo "2048"]
[PlyCount "78"]
[EventDate "2013.08.22"]
[EventType "swiss"]
[EventRounds "7"]
[EventCountry "NED"]
[SourceTitle "CBM 156 Extra"]
[Source "ChessBase"]
[SourceDate "2013.10.22"]
[SourceVersion "1"]
[SourceVersionDate "2013.10.22"]
[SourceQuality "1"]

1. Nf3 Nf6 2. c4 e6 3. g3 b6 4. Bg2 Bb7 5. 0-0 Be7 6. Nc3 0-0 7. Re1 d5 8. cxd5 exd5 9. d4 Nbd7 10. Bf4 Nh5 11. Bd2 c6 12. Rc1 f5 13. Rb1 Bd6 14. b4 a6 15. a4 h6 16. Qb3 b5 17. axb5 axb5 18. e4 fxe4 19. Nxe4 Nb6 20. Nc5 Bc8 21. Ne5 Bxe5 22. dxe5 Nc4 23. Rbd1 Ra3 24. Qb1 Bf5 25. Qc1 Ra2 26. Bxh6 Bg4 27. Be3 Bxd1 28. Ne6 Qa8 29. Nxf8 Ra1 30. Qc3 Kxf8 31. Qd4 Nxe3 32. fxe3 Qa4 33. g4 Rb1 34. gxh5 Qc2 35. Rf1+ Kg8 36. e6 Rb2 37. Rf8+ Kxf8 38. Qf4+ Kg8 39. Qg3 Qxg2+ 0-1

[Event "Vlissingen HZ op 17th"]
[Site "Vlissingen"]
[Date "2013.08.07"]
[Round "6"]
[White "Klapwijk, Bram"]
[Black "Beukema, Stefan"]
[Result "1/2-1/2"]
[WhiteElo "2048"]
[BlackElo "2321"]
[PlyCount "148"]
[EventDate "2013.08.03"]
[EventType "swiss"]
[EventRounds "9"]
[EventCountry "NED"]
[SourceTitle "CBM 155 Extra"]
[Source "ChessBase"]
[SourceDate "2013.08.26"]
[SourceVersion "1"]
[SourceVersionDate "2013.08.26"]
[SourceQuality "1"]

1. e4 e5 2. Nf3 Nc6 3. d4 exd4 4. Nxd4 Nf6 5. Nc3 Bb4 6. Nxc6 bxc6 7. Bd3 d5 8. exd5 cxd5 9. 0-0 0-0 10. Bg5 Be6 11. Qf3 Be7 12. h3 Rb8 13. b3 c6 14. Rad1 h6 15. Bf4 Rb4 16. Ne2 g5 17. Bd2 Rh4 18. Bf5 Ne4 19. g3 Bxf5 20. Qxf5 Nd6 21. Qf3 Re4 22. Nc3 Re6 23. Rde1 Qd7 24. Qh5 d4 25. Rxe6 Qxe6 26. Re1 Qf6 27. Na4 Ne8 28. Qe2 Bd6 29. Qe4 Ba3 30. b4 Nd6 31. Qd3 Nb5 32. Nc5 Qg7 33. f4 a5 34. fxg5 hxg5 35. Nd7 Rd8 36. Qf5 Bxb4 37. Nf6+ Kh8 38. Bxb4 axb4 39. Re4 Qh6 40. Qe5 Nd6 41. Rxd4 Nb7 42. Rxb4 Qg6 43. Ne4+ f6 44. Qxf6+ Qxf6 45. Nxf6 Rd1+ 46. Kf2 Nd6 47. Ke2 Rg1 48. Rg4 Kg7 49. Nd7 Kh6 50. Ne5 c5 51. Rxg5 Rg2+ 52. Kf3 Rd2 53. Rg4 Nf5 54. Rc4 Nd4+ 55. Ke4 Re2+ 56. Kd5 Nxc2 57. Ng4+ Kg7 58. Kxc5 Na3 59. Rf4 Rxa2 60. Kd5 Nb5 61. Rf3 Rd2+ 62. Ke5 Nd4 63. Ra3 Nc6+ 64. Kf4 Rd4+ 65. Ke3 Rb4 66. Rc3 Nd4 67. Nf2 Nf5+ 68. Kf3 Nd4+ 69. Kg2 Kf6 70. h4 Ra4 71. Re3 Nf5 72. Re4 Ra3 73. Nh1 Ra2+ 74. Kh3 Ra1 1/2-1/2

[Event "Borne Euro Chess op-A"]
[Site "Borne"]
[Date "2012.08.09"]
[Round "6"]
[White "Klapwijk, Bram"]
[Black "Kollen, Zyon"]
[Result "0-1"]
[WhiteElo "2041"]
[BlackElo "2147"]
[PlyCount "88"]
[EventDate "2012.08.06"]
[EventType "swiss"]
[EventRounds "9"]
[EventCountry "NED"]
[SourceTitle "CBM 149 Extra"]
[Source "ChessBase"]
[SourceDate "2012.08.24"]
[SourceVersion "1"]
[SourceVersionDate "2012.08.24"]
[SourceQuality "1"]

1. e4 c5 2. Nc3 Nc6 3. f4 g6 4. Nf3 Bg7 5. Bb5 Nd4 6. 0-0 Nxb5 7. Nxb5 d5 8. exd5 a6 9. Nc3 Nf6 10. d4 c4 11. Qe2 Nxd5 12. Qxc4 Be6 13. Nxd5 Bxd5 14. Qa4+ b5 15. Qa3 0-0 16. c3 e6 17. Be3 Qb6 18. b3 Rfd8 19. Rad1 Rac8 20. Qb2 Qa5 21. Rc1 Bf8 22. b4 Qxa2 23. Qxa2 Bxa2 24. Bd2 Bd5 25. Ra1 Ra8 26. Ne5 Bd6 27. g3 Bc7 28. Rfb1 f6 29. Ng4 Kf7 30. Kf2 h5 31. Ne3 Be4 32. Rc1 h4 33. c4 hxg3+ 34. hxg3 Rxd4 35. Bc3 Rd3 36. c5 Rh8 37. Rd1 Rxc3 38. Ng4 Rd8 39. Rxd8 Bxd8 40. Rxa6 Rf3+ 41. Ke2 Rxg3 42. Ra7+ Ke8 43. Nh6 Rh3 44. Nf7 Be7 0-1

[Event "NED-ch U20"]
[Site "Haarlem"]
[Date "2012.04.30"]
[Round "3"]
[White "Klapwijk, Bram"]
[Black "Ratsma, Midas"]
[Result "1-0"]
[WhiteElo "2060"]
[BlackElo "1930"]
[PlyCount "83"]
[EventDate "2012.04.28"]
[EventType "swiss"]
[EventRounds "9"]
[EventCountry "NED"]
[SourceTitle "EXT 2013"]
[Source "ChessBase"]
[SourceDate "2012.11.22"]
[SourceVersion "1"]
[SourceVersionDate "2012.11.22"]
[SourceQuality "1"]

1. e4 e6 2. Nc3 d5 3. Nf3 Nf6 4. e5 Nfd7 5. d4 c5 6. dxc5 Bxc5 7. Bd3 Nc6 8. Bf4 a6 9. Qe2 b5 10. 0-0 Qc7 11. Rfe1 Bb7 12. Bg3 Nb6 13. a4 b4 14. Nb1 a5 15. Nbd2 Nd4 16. Nxd4 Bxd4 17. Ra2 Nd7 18. Qg4 Bxe5 19. Bxe5 Nxe5 20. Qxg7 Nxd3 21. Rxe6+ Kd8 22. Qxh8+ Kd7 23. Qxh7 Kxe6 24. Qxd3 Rc8 25. Nf3 Ke7 26. b3 Kf8 27. Nd4 Qe5 28. Qe3 Qf6 29. Ra1 Re8 30. Qd2 Re4 31. Rd1 Ba6 32. f3 Re5 33. Qf2 Bc8 34. Ne2 Bf5 35. Ng3 Bg6 36. f4 Re7 37. f5 Bh7 38. Rxd5 Qa1+ 39. Nf1 f6 40. Qc5 Kf7 41. Qc4 Ke8 42. Rxa5 1-0